[Event "2012 Canadian Open Chess Championship"]
[Site "Victoria Canada"]
[Date "2012.07.10"]
[Round "5"]
[White "Botez, Alexandra"]
[Black "Lundy, George"]
[Result "1-0"]
[WhiteElo "2021"]
[BlackElo "1569"]
[PlyCount "39"]
[EventDate "2012.07.08"]
[Source "MonRoi"]

1. d4 g6 2. c4 Bg7 3. Nc3 c5 4. d5 Bxc3+ 5. bxc3 Nf6 6. g3 d6 7. Bg2 O-O 8. e4
Nbd7 9. f4 Rb8 10. Qe2 Qc7 11. Nf3 b6 12. O-O Ba6 13. e5 Nxd5 14. e6 N7f6 15.
Ng5 Nxc3 16. exf7+ Kh8 17. Qd3 Qd7 18. Qxc3 h6 19. Bb2 Kg7 20. Bh3 1-0

[Event "2012 Canadian Open Chess Championship"]
[Site "Victoria Canada"]
[Date "2012.07.08"]
[Round "2"]
[White "Chen, Howard"]
[Black "Fedorowicz, John"]
[Result "1/2-1/2"]
[WhiteElo "2357"]
[BlackElo "2440"]
[PlyCount "28"]
[EventDate "2012.07.08"]
[Source "MonRoi"]

1. d4 Nf6 2. Nf3 e6 3. e3 c5 4. Bd3 cxd4 5. exd4 b6 6. O-O Bb7 7. c4 Be7 8. Nc3
d5 9. Re1 O-O 10. Bg5 Nc6 11. a3 Rc8 12. cxd5 Nxd5 13. h4 Nxc3 14. bxc3 h6
1/2-1/2

[Event "2012 Canadian Open Chess Championship"]
[Site "Victoria Canada"]
[Date "2012.07.09"]
[Round "3"]
[White "Mikhalevski, Victor"]
[Black "Raymer, Elliot"]
[Result "1-0"]
[WhiteElo "2542"]
[BlackElo "1818"]
[PlyCount "83"]
[EventDate "2012.07.08"]
[Source "MonRoi"]

1. d4 Nf6 2. Bg5 e6 3. Nd2 d5 4. e3 Be7 5. Bd3 O-O 6. c3 b6 7. Qe2 Bb7 8. Bxf6
Bxf6 9. f4 c5 10. Ngf3 Nc6 11. O-O cxd4 12. exd4 Ne7 13. Ne5 g6 14. g4 Qd6 15.
Rae1 Rae8 16. Rf3 Bh4 17. Ref1 f6 18. Rh3 g5 19. Nef3 Ng6 20. Bxg6 hxg6 21.
fxg5 Bxg5 22. Nxg5 fxg5 23. Nf3 Rf4 24. Ne5 Re4 25. Qf3 Rf4 26. Qd3 Rxf1+ 27.
Kxf1 Rf8+ 28. Kg1 Rf6 29. Rh6 Qe7 30. Rxg6+ Rxg6 31. Qxg6+ Kf8 32. Kg2 Ba6 33.
h4 gxh4 34. g5 Bb5 35. Kh3 Be8 36. Qf6+ Qxf6 37. gxf6 Bh5 38. Kxh4 Bd1 39. Kg5
Bc2 40. Nc6 a5 41. Kf4 Kf7 {MonRoi score ends here.} 42. Ke5 1-0

[Event "2012 Canadian Open Chess Championship"]
[Site "Victoria Canada"]
[Date "2012.07.09"]
[Round "3"]
[White "Ummel, Igor"]
[Black "Lundy, George"]
[Result "1-0"]
[WhiteElo "2185"]
[BlackElo "1569"]
[PlyCount "51"]
[EventDate "2012.07.08"]
[Source "MonRoi"]

1. e4 g6 2. Bc4 Bg7 3. d4 c5 4. c3 Nc6 5. Nf3 e6 6. dxc5 Nge7 7. Bf4 O-O 8. Bd6
a6 9. O-O b5 10. cxb6 Qxb6 11. Bb3 Re8 12. Nbd2 Na5 13. Bg3 Bb7 14. Qc2 Rac8
15. Ba4 Bc6 16. Bxc6 Rxc6 17. Ne5 Bxe5 18. Bxe5 d6 19. Bf6 d5 20. b3 dxe4 21.
Nxe4 Nd5 22. c4 e5 23. Bg5 f5 24. Qd2 fxe4 25. Qxd5+ Ree6 26. Bd8 1-0

[Event "2012 Canadian Open Chess Championship"]
[Site "Victoria Canada"]
[Date "2012.07.10"]
[Round "5"]
[White "Yoos, Jack"]
[Black "Chen, Howard"]
[Result "1-0"]
[WhiteElo "2344"]
[BlackElo "2357"]
[PlyCount "22"]
[EventDate "2012.07.08"]
[Source "MonRoi"]

1. e4 d6 2. d4 g6 3. Nc3 Bg7 4. Be3 a6 5. Nf3 Nd7 6. Qd2 b5 7. Bd3 Bb7 8. a4 b4
9. Ne2 Ngf6 10. Ng3 c5 11. Bh6 cxd4 1-0